000 00477nam a22001817a 4500
003 NUST - PNEC
005 20170116181146.0
008 151001b xxu||||| |||| 00| 0 eng d
020 _a8120327632
040 _cLIBRARY
082 _a658.7 BLA
100 _912079
_aBlanchard, Benjamin S.
245 _aLogistics engineering and management
_cBenjamin S.Blanchard
250 _a6th ed
260 _cc2004.
650 _912080
_aSystems engineering
_xEE
942 _2ddc
_cBK
999 _c70704
_d70704